Manual de derecho mercantil / (Record no. 27095)
[ view plain ]
| 000 -LEADER | |
|---|---|
| campo de control de longitud fija | 00568nam a2200193 i 4500 |
| 001 - NÚMERO DE CONTROL | |
| campo de control | 27095 |
| 003 - IDENTIFICADOR DE NÚMERO DE CONTROL | |
| campo de control | ES-MaACL |
| 005 - FECHA Y HORA DE LA ÚLTIMA TRANSACCIÓN | |
| campo de control | 20250809031522.0 |
| 007 - CAMPO FIJO DE DESCRIPCIÓN FÍSICA--INFORMACIÓN GENERAL | |
| campo de control de longitud fija | t| |
| 008 - DATOS DE LONGITUD FIJA--INFORMACIÓN GENERAL | |
| campo de control de longitud fija | 030113s1933 sp ||||1| spa d |
| 100 1# - ENTRADA PRINCIPAL--NOMBRE DE PERSONA | |
| Nombre de persona | Avilés Cucurella, Gabriel. |
| 9 (RLIN) | 24072 |
| 245 10 - MENCIÓN DEL TÍTULO | |
| Título | Manual de derecho mercantil / |
| Mención de responsabilidad, etc. | Gabriel Avilés Cucurella. |
| 260 ## - PUBLICACIÓN, DISTRIBUCIÓN, ETC. | |
| Lugar de publicación, distribución, etc. | Madrid : |
| Nombre del editor, distribuidor, etc. | Ruiz Hermanos, |
| Fecha de publicación, distribución, etc. | 1933 ( |
| Fabricante | Imp. Góngora) |
| 300 ## - DESCRIPCIÓN FÍSICA | |
| Extensión | XXI, 545 p. ; |
| Dimensiones | 22cm. |
| 650 #7 - PUNTO DE ACCESO ADICIONAL DE MATERIA--TÉRMINO DE MATERIA | |
| Término de materia o nombre geográfico como elemento de entrada | Derecho mercantil |
| Fuente del encabezamiento o término | embne |
| 9 (RLIN) | 135891 |
| 852 ## - LOCALIZACIÓN | |
| Ubicación | ES-MaACL |
| Número de control de estantería | A-2841 |
| 852 ## - LOCALIZACIÓN | |
| Ubicación | ES-MaACL |
| Número de control de estantería | A-1921 |
| Estatus retirado | Estado de pérdida | Estado de daño | No para préstamo | Biblioteca de origen | Biblioteca actual | Ubicación en estantería | Fecha de adquisición | Fuente de adquisición | Total de préstamos | Signatura topográfica completa | Código de barras | Visto por última vez | Precio de reemplazo | Tipo de ítem Koha |
|---|---|---|---|---|---|---|---|---|---|---|---|---|---|---|
| Biblioteca del Ateneo de Madrid | Biblioteca del Ateneo de Madrid | Sala Pecera Planta 1 | 21/02/2018 | A-1921 | 1198393 | 23/02/2023 | 23/02/2023 | Libro impreso | ||||||
| Biblioteca del Ateneo de Madrid | Biblioteca del Ateneo de Madrid | Sala Pecera Planta 1 | 17/01/2008 | A-2841 | 1027966 | 23/02/2023 | 23/02/2023 | Libro impreso |
